Marie-Lune / (Notice n° 18919)

Détails MARC
000 -LEADER
fixed length control field 03032cam a2200577 a 4500
001 - CONTROL NUMBER
control field 0003773599
003 - CONTROL NUMBER IDENTIFIER
control field OSt
005 - DATE AND TIME OF LATEST TRANSACTION
control field 20260630190003.0
007 - PHYSICAL DESCRIPTION FIXED FIELD--GENERAL INFORMATION
fixed length control field ta
008 - FIXED-LENGTH DATA ELEMENTS--GENERAL INFORMATION
fixed length control field 090909m20099999fr g 6 000 fre
020 ## - INTERNATIONAL STANDARD BOOK NUMBER
International Standard Book Number 9782749306568 (v. 4)
040 ## - CATALOGING SOURCE
Original cataloging agency SDM
Language of cataloging fre
Modifying agency QMBND
082 05 - DEWEY DECIMAL CLASSIFICATION NUMBER
Classification number BD MAR v.4
Edition number 22bD742m
091 0# - MICROFILM SHELF LOCATION (AM) [OBSOLETE]
Microfilm shelf location MAR
100 1# - MAIN ENTRY--PERSONAL NAME
Personal name Douyé, Sylvia,
Dates associated with a name 1973-
245 10 - TITLE STATEMENT
Title Marie-Lune /
Statement of responsibility, etc. scénario, Douyé; dessin, Yllya.
260 ## - PUBLICATION, DISTRIBUTION, ETC. (IMPRINT)
Place of publication, distribution, etc. Issy-les-Moulineaux :
Name of publisher, distributor, etc. Vents d'Ouest,
Date of publication, distribution, etc. 2009-
300 ## - PHYSICAL DESCRIPTION
Extent v. :
Other physical details principalement des ill. en coul. ;
Dimensions 30 cm.
505 0# - FORMATTED CONTENTS NOTE
Formatted contents note v. 1. Je dp̌ense donc je suis -- v. 2. Au secours, j'ai perdu ma meilleure amie! -- v. 3. Je suis trop love de lui! -- v. 4. C'est officiel-- je la dťeste! -- v. 5. Help! j'ai la tt̊e l̉'envers -- v. 6. Ne me laisse pas tomber! -- v. 7. Ma nouvelle vie! -- v. 8. Plus moche la vie! -- v. 9. Je nage (presque) dans le bonheur -- v. 10. Retour aux sources
650 #7 - SUBJECT ADDED ENTRY--TOPICAL TERM
Topical term or geographic name as entry element Marie-Lune (Personnage fictif : Douy)̌
Form subdivision Bandes dessiněs
Source of heading or term vmj
650 #7 - SUBJECT ADDED ENTRY--TOPICAL TERM
Topical term or geographic name as entry element Adolescentes
Form subdivision Bandes dessiněs
Source of heading or term vmj
650 #7 - SUBJECT ADDED ENTRY--TOPICAL TERM
Topical term or geographic name as entry element Magasins
Form subdivision Bandes dessiněs
Source of heading or term vmj
650 #7 - SUBJECT ADDED ENTRY--TOPICAL TERM
Topical term or geographic name as entry element Consommation
Form subdivision Bandes dessiněs.
Source of heading or term vmj
650 #7 - SUBJECT ADDED ENTRY--TOPICAL TERM
Topical term or geographic name as entry element Riches
Form subdivision Bandes dessiněs
Source of heading or term vmj
650 #6 - SUBJECT ADDED ENTRY--TOPICAL TERM
Topical term or geographic name as entry element Marie-Lune (Personnage fictif : Douy)̌
Form subdivision Bandes dessiněs
650 #6 - SUBJECT ADDED ENTRY--TOPICAL TERM
Topical term or geographic name as entry element Adolescentes
Form subdivision Bandes dessiněs
650 #6 - SUBJECT ADDED ENTRY--TOPICAL TERM
Topical term or geographic name as entry element Magasinage
Form subdivision Bandes dessiněs
650 #6 - SUBJECT ADDED ENTRY--TOPICAL TERM
Topical term or geographic name as entry element Riches
Form subdivision Bandes dessiněs
700 0# - ADDED ENTRY--PERSONAL NAME
Personal name Yllya,
Dates associated with a name 1982-
Relator term ill.
740 0# - ADDED ENTRY--UNCONTROLLED RELATED/ANALYTICAL TITLE
Uncontrolled related/analytical title Je dp̌ense donc je suis.
740 0# - ADDED ENTRY--UNCONTROLLED RELATED/ANALYTICAL TITLE
Uncontrolled related/analytical title Au secours, j'ai perdu ma meilleure amie!
740 0# - ADDED ENTRY--UNCONTROLLED RELATED/ANALYTICAL TITLE
Uncontrolled related/analytical title Je suis trop love de lui!
740 0# - ADDED ENTRY--UNCONTROLLED RELATED/ANALYTICAL TITLE
Uncontrolled related/analytical title C'est officiel-- je la dťeste!
740 0# - ADDED ENTRY--UNCONTROLLED RELATED/ANALYTICAL TITLE
Uncontrolled related/analytical title Help! j'ai la tt̊e l̉'envers.
740 0# - ADDED ENTRY--UNCONTROLLED RELATED/ANALYTICAL TITLE
Uncontrolled related/analytical title Ne me laisse pas tomber!
740 0# - ADDED ENTRY--UNCONTROLLED RELATED/ANALYTICAL TITLE
Uncontrolled related/analytical title Ma nouvelle vie!
740 0# - ADDED ENTRY--UNCONTROLLED RELATED/ANALYTICAL TITLE
Uncontrolled related/analytical title Plus moche la vie!
740 0# - ADDED ENTRY--UNCONTROLLED RELATED/ANALYTICAL TITLE
Uncontrolled related/analytical title Je nage (presque) dans le bonheur.
740 02 - ADDED ENTRY--UNCONTROLLED RELATED/ANALYTICAL TITLE
Uncontrolled related/analytical title Retour aux sources
942 ## - ADDED ENTRY ELEMENTS (KOHA)
Source of classification or shelving scheme Dewey Decimal Classification
Koha item type Bande dessinée
Exemplaires
Withdrawn status Lost status Source of classification or shelving scheme Damaged status Not for loan Home library Current library Date acquired Total Checkouts Full call number Barcode Date last seen Price effective from Koha item type Public note
    Dewey Decimal Classification     Bibliothèque municipale d'Henryville Bibliothèque municipale d'Henryville 2026-06-30   BD MAR v.4 30001030039426 2026-06-30 2026-06-30 Bande dessinée C'est officiel je la déteste !